¿Es estable una sociedad libre? (Registro nro. 25456)

Detalles MARC
000 -LEADER
fixed length control field 00310 a2200109 4500
001 - CONTROL NUMBER
control field ART_11313
005 - DATE AND TIME OF LATEST TRANSACTION
control field 20260410161856.0
008 - FIXED-LENGTH DATA ELEMENTS--GENERAL INFORMATION
fixed length control field 260409a
100 1# - MAIN ENTRY--PERSONAL NAME
Personal name Friedman, Milton
245 10 - TITLE STATEMENT
Title ¿Es estable una sociedad libre?
773 0# - HOST ITEM ENTRY
Title Revista de Economía
Related parts - Nº 32 (mar. 1982)
Record control number REV11077

No hay ítems disponibles.